[Event "C'Chartres Blitz op"]
[Site "Europe Echecs INT"]
[Date "2020.11.28"]
[Round "5"]
[White "Droin, Augustin"]
[Black "Durand, Victor"]
[Result "1-0"]
[WhiteElo "2289"]
[BlackElo "2004"]
[PlyCount "87"]
[EventDate "2020.11.28"]
[EventType "swiss (blitz)"]
[EventRounds "11"]
[EventCountry "FRA"]
[SourceTitle "CBM 199 Extra"]
[Source "ChessBase"]
[SourceDate "2021.01.31"]
[SourceVersion "1"]
[SourceVersionDate "2021.01.31"]
[SourceQuality "1"]

1. e4 e5 2. Nf3 Nc6 3. Bb5 a6 4. Ba4 Nf6 5. 0-0 Be7 6. Re1 b5 7. Bb3 0-0 8. h3 Bb7 9. c3 d5 10. d4 dxe4 11. Nxe5 Bd6 12. Nxc6 Bxc6 13. Be3 Bd5 14. Nd2 Bxb3 15. axb3 Nd5 16. Nxe4 f5 17. Nxd6 Qxd6 18. Qf3 h6 19. Bd2 g5 20. Re5 Ne7 21. Rae1 Ng6 22. Re6 Nh4 23. Qh5 Qd5 24. f3 Nxf3+ 25. Qxf3 Qxf3 26. gxf3 g4 27. hxg4 fxg4 28. fxg4 Kg7 29. Bxh6+ Kh7 30. Bxf8 Rxf8 31. Kg2 Rf4 32. Kg3 Rf7 33. g5 Rd7 34. g6+ Kg7 35. Rh1 Rd5 36. Rh7+ Kf8 37. Rf6+ Kg8 38. Rxc7 Rg5+ 39. Kh4 Rg1 40. Rb6 Rf1 41. g7 Kh7 42. Kg5 Kg8 43. Rb8+ Kh7 44. g8Q# 1-0

[Event "C'Chartres Blitz op"]
[Site "Europe Echecs INT"]
[Date "2020.11.28"]
[Round "2"]
[White "Durand, Victor"]
[Black "Trolong, Alain"]
[Result "1-0"]
[WhiteElo "2004"]
[BlackElo "1303"]
[PlyCount "119"]
[EventDate "2020.11.28"]
[EventType "swiss (blitz)"]
[EventRounds "11"]
[EventCountry "FRA"]
[SourceTitle "CBM 199 Extra"]
[Source "ChessBase"]
[SourceDate "2021.01.31"]
[SourceVersion "1"]
[SourceVersionDate "2021.01.31"]
[SourceQuality "1"]

1. e4 d5 2. exd5 Qxd5 3. Nc3 Qd8 4. d4 Nf6 5. Nf3 c6 6. Be2 Bg4 7. 0-0 Bxf3 8. Bxf3 e6 9. Re1 Nbd7 10. Bg5 Be7 11. Qd3 0-0 12. Rad1 Nb6 13. Ne2 Nfd5 14. Bxe7 Qxe7 15. a3 Nf6 16. Nf4 Rfd8 17. c3 Qc7 18. Nh5 Nxh5 19. Bxh5 Nd7 20. Re3 Nf6 21. Rh3 Nxh5 22. Rxh5 h6 23. Re1 Rd5 24. Rh3 Qf4 25. Rf3 Qc7 26. Re4 Rh5 27. Rg3 Rf8 28. Reg4 Rg5 29. Rxg5 hxg5 30. Rxg5 Qf4 31. Qe3 Qxe3 32. fxe3 f6 33. Rg3 g5 34. Kf2 Kg7 35. e4 Kg6 36. Ke3 Re8 37. Kd3 f5 38. exf5+ exf5 39. Re3 Rxe3+ 40. Kxe3 Kf6 41. Kf3 b5 42. b3 a5 43. c4 b4 44. axb4 axb4 45. g3 Ke6 46. Ke3 Kd6 47. h4 gxh4 48. gxh4 Ke6 49. Kf4 Kf6 50. h5 Kg7 51. d5 cxd5 52. cxd5 Kf6 53. d6 Ke6 54. h6 Kxd6 55. h7 Kd5 56. h8Q Kc5 57. Qe5+ Kc6 58. Qd4 Kc7 59. Kxf5 Kc6 60. Qxb4 1-0

[Event "FRA-ch U26"]
[Site "Nantes"]
[Date "2013.03.23"]
[Round "2"]
[White "Demuth, Adrien"]
[Black "Durand, Victor"]
[Result "1-0"]
[WhiteElo "2457"]
[BlackElo "2130"]
[PlyCount "54"]
[EventDate "2013.03.23"]
[EventType "swiss"]
[EventRounds "9"]
[EventCountry "FRA"]
[SourceTitle "CBM 153 Extra"]
[Source "ChessBase"]
[SourceDate "2013.04.22"]
[SourceVersion "1"]
[SourceVersionDate "2013.04.22"]
[SourceQuality "1"]

1. d4 d5 2. c4 c6 3. Nf3 Nf6 4. Qc2 e6 5. Nbd2 Nbd7 6. g3 Be7 7. Bg2 0-0 8. 0-0 b6 9. e4 Bb7 10. e5 Ne8 11. cxd5 exd5 12. Re1 Nc7 13. Nf1 Ne6 14. Ne3 Re8 15. Nf5 Bf8 16. h4 Rc8 17. Ng5 Nxg5 18. Bxg5 f6 19. exf6 Nxf6 20. Re5 Qc7 21. Bxf6 gxf6 22. Bxd5+ cxd5 23. Qxc7 Rxc7 24. Rxe8 Kf7 25. Ree1 Rc2 26. Rac1 Rxc1 27. Rxc1 Ke6 1-0